Дистанционный контроль режимных параметров линий электропередач; Энергетика: экология, надежность, безопасность; Т. 1

Bibliografiske detaljer
Parent link:Энергетика: экология, надежность, безопасность: материалы докладов 6 Всероссийской научно-технической конференции, Томск, 2000 г./ Томский политехнический университет (ТПУ).— , 2000
Т. 1.— 2000.— С. 174-177
Hovedforfatter: Шустов М. А. Михаил Анатольевич
Sprog:russisk
Udgivet: 2000
Fag:
Format: MixedMaterials Book Chapter
KOHA link:https://koha.lib.tpu.ru/cgi-bin/koha/opac-detail.pl?biblionumber=242800

MARC

LEADER 00000naa2a2200000 4500
001 242800
005 20231031210259.0
035 |a (RuTPU)RU\TPU\book\264121 
035 |a RU\TPU\book\194537 
090 |a 242800 
100 |a 20130910d2000 k y0rusy50 ca 
101 0 |a rus 
102 |a RU 
200 1 |a Дистанционный контроль режимных параметров линий электропередач  |f М. А. Шустов 
320 |a Библиогр.: с. 177 (4 назв.) 
461 0 |0 (RuTPU)RU\TPU\book\119034  |t Энергетика: экология, надежность, безопасность  |o материалы докладов 6 Всероссийской научно-технической конференции, Томск, 2000 г.  |f Томский политехнический университет (ТПУ)  |d 2000 
463 0 |0 (RuTPU)RU\TPU\book\24481  |t Т. 1  |v С. 174-177  |d 2000  |p 360 с. 
610 1 |a труды учёных ТПУ 
700 1 |a Шустов  |b М. А.  |c специалист в области электротехники  |c профессор Томского политехнического университета, доктор технических наук  |f 1952-  |g Михаил Анатольевич  |2 stltpush  |3 (RuTPU)RU\TPU\pers\30571 
801 1 |a RU  |b 63413507  |c 20100421 
801 2 |a RU  |b 63413507  |c 20130910  |g RCR 
942 |c BK